000 00640nam a2200241Ia 4500
003 OSt
005 20220918221750.0
006 a|||||r|||| 00| 0
007 ta
008 220917b |||||||| |||| 00| 0 eng d
024 _a202,780
037 _cTextual
040 _aARTS
_cARTS
_beng
041 _2eng
_aeng
082 _aV6411.N96, P0
100 _aKhan Shaharyar M.
_9141389
245 0 _aShallow graves of Rwanda
260 _aLondon
_bI.B.Tauris Publishers UK
_c2000
300 _axi, 228 p
_ccm.
650 _aHISTORY
942 _hV6411.N96, P0
_cTEXL
_2CC
999 _c273557
_d273557